000 00459nam a2200181Ia 4500
005 20240823053632.0
008 240823s9999||||xx |||||||||||||| ||und||
041 _aENGLISH
082 _A320.954 Q5
100 _aPowar K B
245 0 _aReflections on Governance of Indian Universities
250 _a1st
260 _c2015
_bEducation Promotion Society for
500 _aYES
650 _aIndian Universities
_bGeneral
942 _cBK
999 _c224603
_d224603